000 01298na a2200361 4500
001 15258
003 MIRAKIL
005 20181213154838.0
008 161005b tu 000 0
020 _a9786054274352
035 _a15258
040 _aMilas
_btur
_cTR-AnCHP
041 _atur
082 _aCHP 320
_bU38a 2013
090 _aCHP 320 U38a 2013
110 _aMumcu, Uğur
245 _aAdalet ve demokrasi
_cUğur Mumcu ; [önsöz Kemal Kılıçdaroğlu]
260 _aAnkara
_bUm:ag Vakfı Yayınları
_c2013
300 _a124 s.
_bres.
_c19 sm.
440 _aUğur Mumcu Araştırmacı Gazetecilik Vakfı Yayınları
_v135
490 _aSeçmeler dizisi
_v9
500 _aKitap, Cumhuriyet Gazetesi'ndeki Uğur Mumcu yazılarının seçmelerinden oluşmuştur
500 _aKitap, CHP tarafından Uğur Mumcu anısına hazırlanmıştır.
600 _aMumcu, Uğur
_d1942 - 1993
_xSiyasal ve sosyal görüşler
_ySeçkiler
600 _aMumcu, Uğur
_xAnma
610 _aCHP
_xAdalete ve Demokrasi Haftası
_yUğur Mumcu Anısına
650 _aDemokrasi
_xGazete yazıları
650 _aAdalet
_xGazete yazıları
650 _aTürk aydınları
_xGazete yazıları
700 _aKılıçdaroğlu, Kemal
811 _aCHP Uğur Mumcu Anısına
942 _2dcc
_cBKS
999 _c1898
_d1898